| 000 | 00598nam a2200193 a 4500 | ||
|---|---|---|---|
| 005 | 20260324064024.0 | ||
| 008 | 010724s1993 r 000 0 eng d | ||
| 020 | _a9706203168 | ||
| 035 | _aUPN01000109971 | ||
| 049 | _aCG | ||
| 050 | 4 |
_aHB142 _bM3.4 |
|
| 100 | 1 | _aMariña Flores, Abelardo | |
| 245 | 1 | 0 |
_aInsumo-producto : _baplicaciones básicas al análisis económico estructural / _cAbelardo Mariña Flores. |
| 260 |
_aMéxico : _bUAM-Azcapotzalco, _c1993. |
||
| 300 |
_a381 p. : _bcuadros |
||
| 440 | 0 | _aLibro de texto | |
| 650 | 4 |
_aAnálisis de entradas y salidas _917651 |
|
| 905 | _aLibro | ||
| 999 |
_c83880 _d83880 |
||